Znalosti 2005 4. ročník konference, Stará Lesná, 9.-11. února 2005 : sborník posterů

Bibliographic Details
Corporate Author: Znalosti 2005 Stará Lesná, Slovensko
Other Authors: Popelínský, Lubomír, 1931- (Editor), Krátký, Michal (Editor)
Format: Conference Proceeding Book
Language:Czech
English
Slovak
PhysicalDescription:132 s. grafy, obr., sch. 24 cm
Published: Ostrava VŠB - Technická univerzita 2005
ISBN:(brož.)
Edition:1. vyd.
Subjects:

MARC

LEADER 00000cam a2200000 a 4500
001 vtls011187676
003 SK-MaSNL
005 20260301175911.0
008 220509s2005 xr da f n 101 0 cze
015 |a SNBZSA2016 
020 |a (brož.) 
035 |a urn:nbn:sk:snk-am00gjav 
035 |a urn:nbn:sk:snk-am3j4cn 
035 |a 5527B725-C4E8-479C-8F05-1A39F21922B2 
040 |a SNK  |b slo  |c SNK  |e AACR2 
041 0 |a cze  |a eng  |a slo  |b eng  |b slo  |b cze 
044 |a xo  |c SK 
072 7 |a 316.4  |x Sociálne procesy  |2 konspekt 
080 |a 316.42:004.8  |2 2001 
080 |a (062.534)  |2 2001 
111 2 |a Znalosti 2005  |n (4. :  |d 2005 :  |c Stará Lesná, Slovensko)  |9 421337 
245 1 0 |a Znalosti 2005  |b 4. ročník konference, Stará Lesná, 9.-11. února 2005 : sborník posterů  |c [editors: Lubomír Popelínský, Michal Krátký] 
250 |a 1. vyd. 
260 |a Ostrava  |b VŠB - Technická univerzita  |c 2005 
300 |a 132 s.  |b grafy, obr., sch.  |c 24 cm 
366 |e 133 výt. 
504 |a Bibliogr. ; reg. autorov 
546 |a Text aj v angl., slov. ; res. angl., slov., čes. 
650 0 7 |a znalostná spoločnosť  |2 SNKPH  |9 87209 
650 0 7 |a Knowledge society  |2 SNKPHeng  |9 311508 
655 7 |a zborníky konferencií  |2 SNKPH  |9 70153 
655 7 |a Proceedings of conferences  |2 SNKPHeng  |9 265791 
700 1 |a Popelínský, Lubomír,  |d 1931-  |4 edt  |9 93888 
700 1 |a Krátký, Michal  |4 edt  |9 421339 
958 |a CZ 
958 |a ZS 
958 |a NB 
999 |c 844413  |d 846343 
952 |a SNK  |b SNK  |y PREZ  |7 0  |p 17A1123321  |o snkSC 166933  |i snk2015/30757  |8 1  |0 0  |1 0  |4 0  |d 2015-11-10  |f 1  |l 0  |r 2026-02-24 04:22:27  |w 2026-02-24